Αναγνώριση - ρύθμιση συναισθήματος και διαπολιτισμική προσαρμογή : [μεταπτυχιακή εργασία]

Αποθηκεύτηκε σε:
Λεπτομέρειες βιβλιογραφικής εγγραφής
Κύριος συγγραφέας: Τρυφωνοπούλου, Γαλανή
Συγγραφή απο Οργανισμό/Αρχή: Πανεπιστήμιο Αιγαίου Σχολή Επιστημών της Διοίκησης Τμήμα Διοίκησης Επιχειρήσεων Πρόγραμμα Μεταπτυχιακών Σπουδών στη Διοίκηση Επιχειρήσεων - M.B.A
Άλλοι συγγραφείς: Κυριακίδου, Ολίβια, 1972- (dgsf)
Μορφή: Thesis Βιβλίο
Γλώσσα:Greek
Δημοσίευση: 2008.
Θέματα:
Διαθέσιμο Online:http://hdl.handle.net/11610/13366
Ετικέτες: Προσθήκη ετικέτας
Δεν υπάρχουν, Καταχωρήστε ετικέτα πρώτοι!

MARC

LEADER 00000cam a2200000 i 4500
001 1/102115
008 090304s2008 gre d
035 |l 10103530 
040 |a GR-MY-UA  |b gre  |e aacr 
041 0 |a gre 
100 1 |a Τρυφωνοπούλου, Γαλανή. 
245 1 0 |a Αναγνώριση - ρύθμιση συναισθήματος και διαπολιτισμική προσαρμογή :   |b [μεταπτυχιακή εργασία] /   |c Τρυφωνοπούλου Γαλανή ; επιβλέπουσα Κυριακίδου Ολίβια.  
260 |c 2008.  
300 |a 79 σ. :   |b διαγρ., πίν. ;   |c 30 εκ.  
502 # # |a Διατριβή (μεταπτυχιακή) – Πανεπιστήμιο Αιγαίου, Χίος, 2008. 
504 |a Περιλαμβάνει βιβλιογραφία.  
650 0 0 |a Emotional intelligence. 
650 0 0 |a Emotions. 
650 0 0 |a Emotions and cognition. 
650 0 0 |a Emotions  |x Research. 
650 0 0 |a Emotional maturity. 
650 0 0 |a Dissertations, Academic  |z Greece. 
700 1 |a Κυριακίδου, Ολίβια,   |d 1972-  |e dgsf 
710 1 |a Πανεπιστήμιο Αιγαίου  |b Σχολή Επιστημών της Διοίκησης  |b Τμήμα Διοίκησης Επιχειρήσεων  |b Πρόγραμμα Μεταπτυχιακών Σπουδών στη Διοίκηση Επιχειρήσεων - M.B.A. 
852 |a INST  |b CHIOS  |c DIATR  |e 20090304  |h 152.4 ΤΡΥ  |p 005200029205  |q 005200029205  |t MTXE  |y 23 
852 |a INST  |b CHIOS  |c DIATR  |e 20090304  |h 152.4 ΤΡΥ  |p 005200029206  |q 005200029206  |t MTXE  |y 23 
856 |u http://hdl.handle.net/11610/13366 
901 |a BIBL2-2009-1 
909 |a Χ  |b 146887 
909 |a Χ  |b 146888 
924 |a ΤΡΥΦΩΝΟΠΟΥΛΟΥ  |b ΓΑΛΑΝΗ  |y ΧΙΟΣ  |z 2008-11 
970 |a ΒΑΣΙΛΑΚΗ  |b ΝΙΚΗ  |z 2009/03/04